| 000 | 00928nas a2200301 4500 | ||
|---|---|---|---|
| 001 | BR0000587 | ||
| 003 | BR-BrBNA | ||
| 005 | 20231205101703.0 | ||
| 007 | ta | ||
| 008 | 230509b bl.|||p| |||| 00| 00por d | ||
| 040 |
_aBR-BrBNA _bpor _cBiblioteca Nacional de Agricultura |
||
| 041 | _a(En) | ||
| 072 | _aL73 | ||
| 100 | 1 | _aGaspari, E.N. de | |
| 100 | 1 | _aUmezawa, E.S. | |
| 100 | 1 | _aZingales, B. | |
| 100 | 1 | _aStolf, A.M.S. | |
| 100 | 1 | _aColli, W. | |
| 100 | 1 | _aAbrahamsohn, I.A. | |
| 245 | 1 | _aTrypanosoma cruzi: serum antibody reactivity to the parasite antigens in susceptible and resistant mice | |
| 650 | _aDoenca de Chagas | ||
| 650 | _aAnticorpo | ||
| 650 | _aImunologia | ||
| 650 | _aAnalise de Laboratorio | ||
| 773 | 0 |
_tMemorias do Instituto Oswaldo Cruz (Brazil) _xISSN 0074-0276 _g(Jul-Sep 1990), v. 85(3) p. 261-270 _wBR0000587 |
|
| 909 |
_a202311 _bLúcia _c55 _dLúcia Elande |
||
| 942 |
_2AGRIS _n0 _cANA |
||
| 999 |
_c163266 _d163266 |
||